000 00301nam a22001337a 4500
008 171107b xxu||||| |||| 00| 0 eng d
020 _a9780538478519
041 _aeng
080 _212 ED
_a330.722.6
100 _a62
101 _aKON
245 _aFINANCIAL ACCOUTING
_cWAREN.R
942 _2udc
_cBK
999 _c38042
_d38042